000 00283nam a22001337a 4500
008 170227b xxu||||| |||| 00| 0 eng d
020 _a0781722659
041 _aeng
080 _23RD
_a577
100 _a5
101 _aSHMB
245 _aBIOCHEMISTRY
_cHARVEY, R.A
942 _2udc
_cBK
999 _c6368
_d6368